History Quiz

Random History or Europe Quiz

European Monarchs in 1950 Quiz Stats

 Plays Quiz not verified by Sporcle

Challenge
Share
Tweet
Embed
Score 0/12 Timer 10:00
0 Plays Today
Hint Monarch % Correct
United KingdomGeorge VI
95.5%
NetherlandsJuliana
72.7%
DenmarkFrederik IX
63.6%
GreecePaul
59.1%
BelgiumLeopold III
54.5%
NorwayHaakon VII
54.5%
Vatican CityPius XII
50%
MonacoRainier III
40.9%
SwedenGustav VI
36.4%
LuxembourgCharlotte
31.8%
SwedenGustav V
31.8%
LiechtensteinFranz Joseph II
22.7%

You're not logged in!

Compare scores with friends on all Sporcle quizzes.
Join for Free
OR
Log In

You Might Also Like...

Show Comments

Extras

Created May 10, 2017ReportNominate
Tags:Europe Quiz, 1950, monarch

Top Quizzes Today


Score Distribution

Your Account Isn't Verified!

In order to create a playlist on Sporcle, you need to verify the email address you used during registration. Go to your Sporcle Settings to finish the process.

Report this User

Report this user for behavior that violates our Community Guidelines.

Details: